[Event "American Continental 15th"]
[Site "Sao Paulo"]
[Date "2019.07.11"]
[Round "9"]
[White "Cabral Mesquita, Jussier"]
[Black "Soares, Reynaldo Magalhaes"]
[Result "0-1"]
[WhiteElo "1728"]
[BlackElo "1985"]
[PlyCount "154"]
[EventDate "2019.07.05"]
[EventType "swiss"]
[EventRounds "11"]
[EventCountry "BRA"]
[SourceTitle "CBM 191 Extra"]
[Source "ChessBase"]
[SourceDate "2019.09.30"]
[SourceVersion "1"]
[SourceVersionDate "2019.09.30"]
[SourceQuality "1"]

1. e4 c5 2. Nf3 d6 3. d4 cxd4 4. Nxd4 Nf6 5. Nc3 Nc6 6. f3 e6 7. Be3 a6 8. Be2 Bd7 9. Qd2 Be7 10. 0-0-0 b5 11. a3 0-0 12. Bg5 Rc8 13. Kb1 Ne5 14. Bxf6 Bxf6 15. Nb3 Be7 16. f4 Nc4 17. Bxc4 Rxc4 18. Rhf1 Qb6 19. f5 b4 20. axb4 Qxb4 21. f6 Bxf6 22. Rxf6 gxf6 23. Qh6 Rfc8 24. Rd3 Rxc3 25. Rxc3 Rxc3 26. bxc3 Qxc3 27. Qf4 Ba4 28. Qxd6 Bxb3 29. Qb8+ Kg7 30. Qxb3 Qe1+ 31. Kb2 Qxe4 32. Qg3+ Kh6 33. Qh3+ Kg5 34. Qg3+ Kf5 35. Qh3+ Ke5 36. Qh5+ f5 37. Qxf7 Qd4+ 38. Kb3 Qd5+ 39. c4 Qd3+ 40. Kb4 a5+ 41. Kxa5 Qxc4 42. Qg7+ Kd5 43. Qd7+ Ke5 44. Qg7+ Kd6 45. Qf8+ Kd7 46. Qf7+ Kc8 47. Qe8+ Kb7 48. Qh5 Qc3+ 49. Kb5 Qc6+ 50. Kb4 Qxg2 51. Qf7+ Kb8 52. Qe8+ Ka7 53. Qxe6 Qb2+ 54. Kc5 Qc3+ 55. Qc4 Qe5+ 56. Qd5 Qe7+ 57. Kc4 Qe2+ 58. Qd3 Qa2+ 59. Kd4 Qe6 60. Qa3+ Kb7 61. Qb4+ Kc7 62. Qc5+ Kd7 63. Qa7+ Kd6 64. Qb6+ Kd7 65. Qb7+ Ke8 66. Qb8+ Kf7 67. Qc7+ Kg6 68. Qg3+ Kh6 69. Qh4+ Kg7 70. Qg3+ Qg6 71. Qc7+ Kh6 72. Qc1+ Kh5 73. Ke5 Qg4 74. Qc2 Qg7+ 75. Ke6 f4 76. Qf5+ Qg5 77. Qxh7+ Qh6+ 0-1

[Event "Brazil Foz do Iguacu op"]
[Site "Foz do Iguacu"]
[Date "2018.05.17"]
[Round "3"]
[White "Cabral Mesquita, Jussier"]
[Black "Alboredo, Julia"]
[Result "0-1"]
[WhiteElo "1754"]
[BlackElo "2158"]
[PlyCount "88"]
[EventDate "2018.05.16"]
[EventType "swiss"]
[EventRounds "9"]
[EventCountry "BRA"]
[SourceTitle "CBM 184 Extra"]
[Source "ChessBase"]
[SourceDate "2018.06.28"]
[SourceVersion "1"]
[SourceVersionDate "2018.06.28"]
[SourceQuality "1"]

1. d4 d5 2. Bg5 Nf6 3. e3 e6 4. Bd3 Be7 5. f4 c5 6. c3 h6 7. Bh4 b6 8. Nf3 0-0 9. 0-0 Ba6 10. Bxa6 Nxa6 11. a3 Rc8 12. Nbd2 Nc7 13. Rc1 Nce8 14. Qe2 Nd6 15. Bxf6 Bxf6 16. Ne5 Qe8 17. g4 Qb5 18. Qxb5 Nxb5 19. Nd7 Rfd8 20. Nxf6+ gxf6 21. Kg2 Nd6 22. Kf3 f5 23. h3 c4 24. Rg1 Kh8 25. g5 Rg8 26. gxh6 Kh7 27. Rxg8 Rxg8 28. Kf2 Kxh6 29. Rg1 Rxg1 30. Kxg1 b5 31. Kg2 Nc8 32. b3 Nb6 33. bxc4 bxc4 34. Nb1 Na4 35. Kg3 Nb2 36. Kg2 Kh5 37. Kf3 Kh4 38. Ke2 Kxh3 39. Nd2 Na4 40. Nb1 Kg2 41. Nd2 Nxc3+ 42. Ke1 a5 43. Nxc4 dxc4 44. Kd2 Nb1+ 0-1

[Event "Brazil Foz do Iguacu op"]
[Site "Foz do Iguacu"]
[Date "2018.05.16"]
[Round "1"]
[White "Cabral Mesquita, Jussier"]
[Black "Martins, Carlos"]
[Result "0-1"]
[WhiteElo "1754"]
[BlackElo "2272"]
[PlyCount "86"]
[EventDate "2018.05.16"]
[EventType "swiss"]
[EventRounds "9"]
[EventCountry "BRA"]
[SourceTitle "CBM 184 Extra"]
[Source "ChessBase"]
[SourceDate "2018.06.28"]
[SourceVersion "1"]
[SourceVersionDate "2018.06.28"]
[SourceQuality "1"]

1. d4 f5 2. Bf4 Nf6 3. e3 e6 4. Bd3 b6 5. Nf3 Bb7 6. Nbd2 Be7 7. 0-0 0-0 8. h3 Ne4 9. c3 g5 10. Bh2 Rf7 11. Ne5 Rg7 12. Bxe4 fxe4 13. f3 d6 14. Ng4 h5 15. Nf2 exf3 16. g4 Qe8 17. e4 hxg4 18. Nxg4 Nd7 19. Rxf3 Qg6 20. Qe2 Rf8 21. Rxf8+ Kxf8 22. Rf1+ Ke8 23. Rf2 Rh7 24. Qe3 Rh4 25. Rf3 Nf6 26. Nxf6+ Bxf6 27. d5 g4 28. hxg4 Rxg4+ 29. Rg3 Bg5 30. Qf3 Rxg3+ 31. Qxg3 Be3+ 32. Kf1 Qxg3 33. Bxg3 Bxd2 34. c4 e5 35. Ke2 Bc1 36. b3 Bg5 37. Kd3 a5 38. a4 Bc8 39. Be1 Bh3 40. b4 Bf1+ 41. Kc3 axb4+ 42. Kxb4 Bd3 43. Kb5 Kd7 0-1

[Event "Joao Pessoa op 08"]
[Site "Joao Pessoa"]
[Date "2013.08.04"]
[Round "6"]
[White "Nunes, Kleber Ferreira"]
[Black "Cabral Mesquita, Jussier"]
[Result "1-0"]
[WhiteElo "1885"]
[BlackElo "1820"]
[PlyCount "73"]
[EventDate "2013.08.02"]
[EventType "swiss"]
[EventRounds "6"]
[EventCountry "BRA"]
[SourceTitle "EXT 2014"]
[Source "ChessBase"]
[SourceDate "2013.11.20"]
[SourceVersion "1"]
[SourceVersionDate "2013.11.20"]
[SourceQuality "1"]

1. e4 c5 2. Nf3 d6 3. Bc4 e6 4. 0-0 Nc6 5. Re1 Be7 6. d4 cxd4 7. Nxd4 Qb6 8. Be3 Qc7 9. Nb5 Qd8 10. N1c3 a6 11. Nd4 Nf6 12. Qf3 Ne5 13. Qe2 Nxc4 14. Qxc4 e5 15. Nde2 Be6 16. Qd3 Ng4 17. Bd2 0-0 18. h3 Nf6 19. Ng3 Rc8 20. Nd5 Nxd5 21. exd5 Bd7 22. c4 f5 23. b3 f4 24. Ne4 f3 25. Re3 fxg2 26. Rg3 Bf5 27. Qf3 Bh4 28. Rxg2 Bg6 29. Qg4 Qe7 30. Nxd6 Bxf2+ 31. Rxf2 Qxd6 32. Raf1 Qc5 33. Qe6+ Kh8 34. Bb4 Qe3 35. Bxf8 Rxf8 36. Qxe5 Qc5 37. b4 1-0

[Event "Joao Pessoa op 08"]
[Site "Joao Pessoa"]
[Date "2013.08.02"]
[Round "1"]
[White "Cabral Mesquita, Jussier"]
[Black "Bouwman, Marcelo Wanderley"]
[Result "0-1"]
[WhiteElo "1820"]
[BlackElo "2186"]
[PlyCount "82"]
[EventDate "2013.08.02"]
[EventType "swiss"]
[EventRounds "6"]
[EventCountry "BRA"]
[SourceTitle "CBM 155 Extra"]
[Source "ChessBase"]
[SourceDate "2013.08.26"]
[SourceVersion "1"]
[SourceVersionDate "2013.08.26"]
[SourceQuality "1"]

1. c4 Nf6 2. d4 g6 3. Nc3 Bg7 4. Nf3 d6 5. e3 0-0 6. h3 Nbd7 7. Bd3 Re8 8. Qc2 e5 9. dxe5 dxe5 10. e4 c6 11. Be3 Nf8 12. Rd1 Qc7 13. 0-0 Ne6 14. Ne2 b6 15. Ng5 Nf4 16. Nxf4 exf4 17. Bc1 c5 18. Rfe1 h6 19. Nf3 Bb7 20. Re2 Rad8 21. Rde1 g5 22. b3 Nd7 23. Bb2 Ne5 24. Nxe5 Bxe5 25. Bxe5 Qxe5 26. Rd2 Rd4 27. f3 Red8 28. Red1 Qd6 29. Kf2 h5 30. Ke2 g4 31. Rg1 Qe5 32. Rgd1 f5 33. Kf1 Re8 34. exf5 gxf3 35. f6 Qxf6 36. Bh7+ Kg7 37. Rxd4 fxg2+ 38. Kg1 cxd4 39. Qf5 Qxf5 40. Bxf5 Re2 41. a3 f3 0-1

[Event "Monte Alegre Potiguar-ch"]
[Site "Monte Alegre"]
[Date "2013.05.25"]
[Round "3"]
[White "Cabral Mesquita, Jussier"]
[Black "Viana, Eduardo Escudeiro"]
[Result "1-0"]
[WhiteElo "1829"]
[BlackElo "1797"]
[PlyCount "31"]
[EventDate "2013.05.25"]
[EventType "swiss"]
[EventRounds "5"]
[EventCountry "BRA"]
[SourceTitle "EXT 2015"]
[Source "ChessBase"]
[SourceDate "2014.11.20"]
[SourceVersion "1"]
[SourceVersionDate "2014.11.20"]
[SourceQuality "1"]

1. e4 c5 2. Nf3 d6 3. d4 cxd4 4. Nxd4 Nf6 5. Nc3 a6 6. Be2 e6 7. Be3 Be7 8. Qd2 Nbd7 9. f4 Qc7 10. g4 Nc5 11. Bf3 Rb8 12. g5 Nfd7 13. Bg4 b5 14. b4 Nb7 15. Bxe6 0-0 16. Nd5 1-0

[Event "Joao Pessoa op 4th"]
[Site "Joao Pessoa"]
[Date "2013.03.17"]
[Round "6"]
[White "Pinto, Carlos Henrique Lop"]
[Black "Cabral Mesquita, Jussier"]
[Result "1/2-1/2"]
[WhiteElo "2119"]
[BlackElo "1813"]
[PlyCount "99"]
[EventDate "2013.03.15"]
[EventType "swiss"]
[EventRounds "6"]
[EventCountry "BRA"]
[SourceTitle "CBM 153 Extra"]
[Source "ChessBase"]
[SourceDate "2013.04.22"]
[SourceVersion "1"]
[SourceVersionDate "2013.04.22"]
[SourceQuality "1"]

1. d4 Nf6 2. c4 g6 3. Nc3 d5 4. Nf3 Bg7 5. Bg5 c6 6. e3 0-0 7. Qb3 dxc4 8. Bxc4 Nbd7 9. 0-0 Nb6 10. Be2 Be6 11. Qc2 Nbd5 12. e4 Nxc3 13. bxc3 Qc7 14. Bh4 Rac8 15. Bg3 Qd8 16. Ng5 Bd7 17. Rab1 b5 18. h3 a6 19. f4 Qb6 20. Kh1 c5 21. d5 c4 22. Bf2 Qb8 23. Bd4 h6 24. Be5 Qa8 25. Nf3 Nh5 26. Bxg7 Kxg7 27. Ne5 Ng3+ 28. Kg1 Nxf1 29. Rxf1 Rcd8 30. Qd2 Qa7+ 31. Kh1 f6 32. Nf3 Qb6 33. Nd4 e5 34. Nf3 Qd6 35. fxe5 fxe5 36. Qe1 Rf4 37. Bd1 Rdf8 38. Qe3 b4 39. Re1 b3 40. axb3 cxb3 41. c4 b2 42. c5 Qb8 43. Bc2 Bxh3 44. Nd2 Bxg2+ 45. Kxg2 Qc8 46. Bd1 Qd8 47. Bf3 Qg5+ 48. Kf2 Qh4+ 49. Kg2 Qg5+ 50. Kf2 1/2-1/2

[Event "Paraiban-ch op"]
[Site "Joao Pessoa"]
[Date "2011.08.05"]
[Round "2"]
[White "De Souza, Arthur Olintho"]
[Black "Cabral Mesquita, Jussier"]
[Result "1-0"]
[WhiteElo "2066"]
[BlackElo "1863"]
[PlyCount "107"]
[EventDate "2011.08.05"]
[EventType "swiss"]
[EventRounds "6"]
[EventCountry "BRA"]
[SourceTitle "EXT 2014"]
[Source "ChessBase"]
[SourceDate "2013.11.20"]
[SourceVersion "1"]
[SourceVersionDate "2013.11.20"]
[SourceQuality "1"]

1. d4 Nf6 2. c4 g6 3. Nc3 d5 4. cxd5 Nxd5 5. e4 Nxc3 6. bxc3 Bg7 7. Bc4 0-0 8. Ne2 c6 9. 0-0 b5 10. Bb3 a5 11. a4 Nd7 12. Be3 Bb7 13. Qd2 Qc8 14. f3 Ba6 15. axb5 cxb5 16. Rxa5 Nb6 17. Rfa1 Nc4 18. Bxc4 bxc4 19. Nf4 e6 20. Qa2 Bb7 21. Rxa8 Qxa8 22. Qb2 Qc8 23. Ra7 Ba8 24. Qa3 Re8 25. Qa2 Bf8 26. Ra4 Bb7 27. Rxc4 Qd7 28. Qa5 Ra8 29. Qb6 Ra1+ 30. Kf2 Ba6 31. Qc6 Ra2+ 32. Kg3 Qe7 33. Rc5 Qf6 34. Re5 Be7 35. Qe8+ Kg7 36. Nh5+ gxh5 37. Rg5+ Qxg5+ 38. Bxg5 Bxg5 39. h4 Bh6 40. d5 exd5 41. Qe5+ Kg8 42. Qxd5 Rd2 43. Qa8+ Bf8 44. Qxa6 Bd6+ 45. f4 Kg7 46. e5 Bc5 47. f5 Bf2+ 48. Kh3 Rd1 49. Qf6+ Kf8 50. Qh6+ Ke8 51. Qxh5 Rh1+ 52. Kg4 Rxh4+ 53. Qxh4 Bxh4 54. Kxh4 1-0

[Event "Recife Arraes Memorial 4th"]
[Site "Recife"]
[Date "2011.06.04"]
[Round "5"]
[White "Cabral Mesquita, Jussier"]
[Black "Maracaba, Francisco Wladimir"]
[Result "1-0"]
[WhiteElo "1856"]
[BlackElo "2007"]
[PlyCount "57"]
[EventDate "2011.06.02"]
[EventType "swiss"]
[EventRounds "7"]
[EventCountry "BRA"]
[SourceTitle "EXT 2012"]
[Source "ChessBase"]
[SourceDate "2011.11.24"]
[SourceVersion "1"]
[SourceVersionDate "2011.11.24"]
[SourceQuality "1"]

1. e4 c5 2. Nf3 Nc6 3. d4 cxd4 4. Nxd4 g6 5. Be3 Bg7 6. Nc3 Nf6 7. Be2 0-0 8. Qd2 d6 9. h3 Bd7 10. g4 Nxd4 11. Bxd4 Bc6 12. f3 Qc7 13. 0-0-0 Rfb8 14. g5 Nd7 15. h4 b5 16. h5 b4 17. Bxg7 Kxg7 18. hxg6 bxc3 19. Qxc3+ e5 20. Rxh7+ Kg8 21. Rdh1 Qb6 22. gxf7+ Kf8 23. Bc4 d5 24. exd5 Bb5 25. Bb3 a5 26. a4 Ba6 27. Qc6 Qe3+ 28. Kb1 Ra7 29. Qd6# 1-0